000 00420nam a22001697a 4500
005 20160628141920.0
008 160628b xxu||||| |||| 00| 0 eng d
020 _a978-93-80027-12-8
041 _aeng
082 _b11205
100 _aAgarwal, R.K.
_93057
245 _aPriniciples of Electrical Machine Design
260 _bKatson Books
_c2012
300 _a16.5
650 _aDiploma Engineering
_9817
942 _cBK
999 _c4437
_d4436